000 00377pam a2200157a 44500
008 230405s1986 xxu||||| |||| 00| 0 eng d
041 _aENG
100 _aTIMOTHY PRATI
245 _aSATELLITE COMMUNITIONS 5.95
260 _aNONE
_bSIMULTANEAULSY IN CANADA
_c1986
300 _a959p.
440 _aRS.297=50
690 _aEJ
700 _aCHARLES BOSTIAN
906 _a1024
999 _c779405
_d779405